Discurso y experiencias de personas privadas de libertad afectos y emociones en riesgo. Desde la perspectiva del tiempo: hombres y mujeres I /

Detalles Bibliográficos
Autor principal: Nieto Morales, Concepcin̤
Otros Autores: Nieto-Cabrera, M. Elena, Martn̕ez Cramer, Inš Mara̕
Formato: eBook
Lenguaje:español
Publicado: Madrid: Dykinson, 2020
Materias:
Acceso en línea:Acceso restringido

MARC

LEADER 00000nam a22000007a 4500
005 20220307123629.0
007 cr|||| ||||
008 220307s2020 es |||||s|||| 00||0 spa d
020 |a 978-84-1377-259-2 
035 |a 32969 
040 |a vLex 
090 |c 13050  |d 13050 
100 1 |a Nieto Morales, Concepcin̤ 
245 1 0 |a Discurso y experiencias de personas privadas de libertad  |h [Recurso electrn̤ico] :  |b afectos y emociones en riesgo. Desde la perspectiva del tiempo: hombres y mujeres I /  |c Concepcin̤ Nieto Morales, M. Elena Nieto-Cabrera, Inš Mara̕ Martn̕ez Cramer 
256 |a Servicio en ln̕ea 
260 |a Madrid:  |b Dykinson,  |c 2020 
300 |a 1 recurso electrn̤ico 
500 |a M. Elena Nieto-Cabrera, Mara̕ Inš Martn̕ez Cramer y Concepcin̤ Nieto-Morales, nos sumergen en este laborioso y riguroso estudio, en el universo olvidado de las cr̀celes, tanto en la primera parte ter̤ica, como en la intensa segunda parte, dn̤de las historias de vida nos acercan a la realidad de personas que han pasado por centros penitenciarios. Dentro y fuera de esos muros, nos muestran los rostros de seres humanos que buscan una vida diferente en la que la palabra libertad, sea algo ms̀ que un vocablo arbitrario.  
506 1 |a Disponible solo en los productos indicados  |d vLex Global  |d vLex Global (Academic Edition, excluding Law Schools)  |d vLex Global (U.S. Academic Edition, Law Schools)  |d vLex Global (U.S. Academic Edition, excluding Law Schools)  |d vLex Global (Academic Edition, Law Schools) 
650 0 4 |a Derecho Penal  |z Espaą 
700 1 |a Nieto-Cabrera, M. Elena 
700 1 |a Martn̕ez Cramer, Inš Mara̕ 
740 0 |a vLex Libros (Servicio en ln̕ea) 
856 4 0 |u https://app.vlex.com/#/sources/32969  |z Acceso restringido 
942 |c BOOK 
999 0 |a Criminal law